Clubs promus en Top 14. (2005 - …) - Statistiques

Statistiques générales
  • Ce quiz a été pris 17 fois
  • Le résultat moyen est 15 sur 19
Statistiques - réponses
Titres Champion % Correct
2016 22250.png Section paloise
100%
2019 | 2022 Logo_USA_Perpignan_2017.svg USA Perpignan
100%
2022 langfr-250px-Logo_Biarritz_Olympique_Pays_Basque_-_2016.svg.png Biarritz olympique
100%
2020 | 2023 langfr-250px-Logo_Aviron_Bayonnais_Rugby_-_2022.svg.png Aviron bayonnais
100%
2012 | 2015 | 2017 22279.png Lyon OU
94%
2011 | 2016 | 2018 20684.png SU Agen
88%
2013 | 2019 22252.png FC Grenoble
88%
2014 | 2018 | 2024 22277.png US Oyonnax
88%
2011 | 2015 langfr-250px-Logo_Stade_rochelais_2016.svg.png Stade rochelais
88%
2007 | 2009 | 2026 21954.png US Montauban
82%
2006 | 2009 22169.png RC Toulon
82%
2010 120px-Logo_Racing_M%C3%A9tro_92_%282%29.svg.png Racing Métro 92
82%
2025 120px-Logo_RC_Vannes_-_2022.svg.png RC Vannes
82%
2014 | 2020 Club_athlétique_Brive_Corrèze_Limousin_logo.svg CA Brive
76%
2012 langfr-250px-Logo_Union_Bordeaux_B%C3%A8gles_-_2025.svg.png Union Bordeaux Bègles
76%
2013 22172.png Stade montois
59%
2008 langfr-250px-Logo_US_Dax_Rugby_Landes_-_2018.svg.png US Dax
59%
2007 | 2010 langfr-250px-Logo_SC_Albi_-_2022.svg.png SC Albi
59%
2009 Logo_Football_club_Auch_Gers_2007.png FC Auch
41%
Aucun quiz correspondant
Distribution des résultats
% des personnes avec chaque résultat
Percentile par nombre de réponses
Votre historique - résultats
Vous n’avez pas pris ce quiz